University Home | Library Home | Institutional Repository

Foundations of vocational education / (Record no. 196700)

MARC details
000 -LEADER
fixed length control field 00845cam7a220026500 4500
001 - CONTROL NUMBER
control field lce00289253
008 - FIXED-LENGTH DATA ELEMENTS--GENERAL INFORMATION
fixed length control field 780906s1978 ohua b 001 0 eng
010 ## - LIBRARY OF CONGRESS CONTROL NUMBER
LC control number 77089745
020 ## - INTERNATIONAL STANDARD BOOK NUMBER
International Standard Book Number 0675084423
035 ## - SYSTEM CONTROL NUMBER
System control number (Sirsi) r115775
035 ## - SYSTEM CONTROL NUMBER
System control number (DLC) 77089745
035 ## - SYSTEM CONTROL NUMBER
System control number (UPRA)lce00289253
050 0# - LIBRARY OF CONGRESS CALL NUMBER
Classification number LC1043
Item number .E87 1978
082 ## - DEWEY DECIMAL CLASSIFICATION NUMBER
Classification number 373.2/46
100 1# - MAIN ENTRY--PERSONAL NAME
Personal name Evans, Rupert Nelson.
Linkage A80711.1
245 10 - TITLE STATEMENT
Title Foundations of vocational education /
Statement of responsibility, etc. Rupert N. Evans, Edwin L. Herr.
250 ## - EDITION STATEMENT
Edition statement 2d ed.
260 ## - PUBLICATION, DISTRIBUTION, ETC.
Place of publication, distribution, etc. Columbus, Ohio :
Name of publisher, distributor, etc. Merrill,
Date of publication, distribution, etc. c1978.
490 0# - SERIES STATEMENT
Series statement The Merrill series in career programs
Linkage S22001.1
504 ## - BIBLIOGRAPHY, ETC. NOTE
Bibliography, etc. note Includes bibliographies and index.
650 #0 - SUBJECT ADDED ENTRY--TOPICAL TERM
Topical term or geographic name entry element Vocational education.
Linkage S27154.1
700 1# - ADDED ENTRY--PERSONAL NAME
Personal name Herr, Edwin L.
Linkage A80712.1
949 ## - LOCAL PROCESSING INFORMATION (OCLC)
a LC1043
w lcc
i 33729000401484
m MAIN
t BOOK
l ON-SHELF

No items available.

© 2026 - The University of Zambia Library - Koha v25.11